00403nam a2200133Ia 4500003000400000005001700004008004100021040001800062041000800080100004300088110001900131245009900150260002000249OSt20230531093907.0211028s2007 xx 000 0 und d cAIMIT LIBRARY aeng aRaghu, K N; Varkey, P Shine.g50971408 aShine P Varkey aDBMD- Disease Based Microarray Database and Microarray Gene expression analysis using MATLAB. aMangalorec2007